[Event "Torneo sociale 2005"]
[Site "Circolo Scacchistico Pievigino"]
[Date "2005.03.15"]
[Round "7"]
[White "Bortolotto,D"]
[Black "Spolaore,L"]
[Result "1-0"]
[WhiteElo "1500"]
[BlackElo "1545"]

1. e4 c5 2. Nf3 Nc6 3. d4 cxd4 4. Nxd4 d6 5. Nc3 g6 6. Be3
Bg7 7. Bb5 Bd7 8. Qd2 a6 9. Ba4 h6 10. h3 b5 11. Bb3 Nf6
12. O-O Na5 13. a3 Nxb3 14. Nxb3 a5 15. Rad1 b4 16. axb4
axb4 17. Nd5 Nxe4 18. Qxb4 Ra4 19. Qb6 Qxb6 20. Nxb6
Rb4 21. Nxd7 Kxd7 22. Nd2 Nxd2 23. Rxd2 Rxb2 24. Rfd1
Rc8 25. Rc1 Rc4 26. Kf1 g5 27. g4 Bc3 28. Rd3 Ra2
29. Ke2 Ba5 30. Kd1 Bb4 31. c3 Ba5 32. Rc2 Ra1+ 33. Kd2
Rh1 34. Bd4 e5 35. Bxe5 Bc7 36. Bg7 h5 37. gxh5 Rh4
38. h6 R1xh3 39. Rxh3 Rxh3 40. Ke2 Ke6 41. Kf1 d5
42. Re2+ Kf5 43. Re7 Bf4 44. Rxf7+ Kg6 45. Rf6+ Kh7
46. Rf5 Rxc3 47. Bxc3 1-0

[Event "Torneo sociale 2005"]
[Site "Circolo Scacchistico Pievigino"]
[Date "2005.03.15"]
[Round "7"]
[White "Premaor,S"]
[Black "Pavan,R"]
[Result "0-1"]
[WhiteElo "1500"]
[BlackElo "1500"]

1. e4 e5 2. Bc4 Nf6 3. Nc3 Bc5 4. h3 Nc6 5. a3 d6 6. d3 O-O
7. Bg5 Nd4 8. Nd5 c6 9. Nxf6+ gxf6 10. Bh6 Re8 11. Qd2 f5
12. exf5 Bxf5 13. O-O-O d5 14. g4 Bg6 15. Ba2 Qf6 16. Rf1
Nb5 17. f4 Bxd3 18. g5 Qf5 19. cxd3 e4 20. Kb1 e3 21. Qc2
Bxa3 22. b3 Bb4 23. Qb2 Bc3 24. Qc1 Qxd3+ 0-1

[Event "Torneo sociale 2005"]
[Site "Circolo Scacchistico Pievigino"]
[Date "2005.03.15"]
[Round "7"]
[White "Vomiero,L"]
[Black "Bubola,A"]
[Result "1-0"]
[WhiteElo "1500"]
[BlackElo "1500"]

1. e4 e5 2. Nf3 Nf6 3. d3 d6 4. h3 h6 5. c4 Nc6 6. Be3 Be6
7. a3 Be7 8. Nc3 a6 9. Be2 Qd7 10. Qb3 Rb8 11. Rd1 O-O
12. d4 exd4 13. Nxd4 Na5 14. Qa2 b5 15. Nxe6 Qxe6
16. Rd4 c5 17. Rd2 bxc4 18. O-O Nxe4 19. Nxe4 Qxe4
20. Bf3 Qe5 21. Re2 Qf6 22. Rfe1 Rfd8 23. Bd5 Qh4
24. Bxh6 Bf6 25. Bc1 Qd4 26. Be4 c3 27. bxc3 Qxc3 28. Bd2
Rb2 29. Bxc3 Rxa2 30. Bxa5 Rxe2 31. Rxe2 Rb8 32. g3 Rb3
33. Ra2 Bb2 34. Bc7 Bxa3 35. Bxd6 Rc3 36. Bf4 c4 37. Rc2
Rxc2 38. Bxc2 Bb4 39. Kf1 c3 40. Ke1 Kf8 41. Kd1 Ke7
42. Kc1 Kd7 43. Kb1 Kc6 44. Ka2 Kb5 45. Kb3 a5 46. Bd3+
Kc5 47. Be3+ Kc6 48. Bd4 g5 49. Bxc3 Bxc3 50. Kxc3 Kb6
51. Kb3 Kc5 52. f3 Kb6 53. Ka4 Kc5 54. Kxa5 Kd4 55. Be4
Ke3 56. h4 gxh4 57. gxh4 Kf4 58. Kb5 f5 59. Bb7 Kg3 60. h5
1-0

[Event "Torneo sociale 2005"]
[Site "Circolo Scacchistico Pievigino"]
[Date "2005.03.15"]
[Round "7"]
[White "Gencarelli,M"]
[Black "Callegher,C"]
[Result "1-0"]
[WhiteElo "1500"]
[BlackElo "1500"]

1. c4 e5 2. Nc3 Nf6 3. g3 Bc5 4. Bg2 c6 5. d3 O-O 6. Nf3
Re8 7. O-O h6 8. b3 d5 9. cxd5 cxd5 10. Nxe5 Rxe5 11. d4
Bxd4 12. Qxd4 Nc6 13. Qd2 d4 14. Na4 Qe8 15. Re1 Ne4
16. Qd3 Bf5 17. Bf4 Nc3 18. e4 Bxe4 19. Qd2 Rd5 20. f3 f5
21. fxe4 fxe4 22. Bxe4 Nxe4 23. Qd3 Nb4 24. Qc4 g5 25. Bd6
Rc8 26. Qxb4 Rxd6 27. Rxe4 Qxe4 28. Qxd6 Qe3+ 29. Kg2
Re8 30. Qg6+ Kf8 31. Rf1+ Ke7 32. Rf7+ Kd8 33. Qd6+ 1-0

[Event "Torneo sociale 2005"]
[Site "Circolo Scacchistico Pievigino"]
[Date "2005.03.15"]
[Round "7"]
[White "Feltre,S"]
[Black "Saccol,A"]
[Result "0-1"]
[WhiteElo "1500"]
[BlackElo "1500"]

1. e4 e5 2. Nf3 Nc6 3. Bc4 Be7 4. d4 exd4 5. Nxd4 Ne5
6. Bd5 Nf6 7. Nf5 O-O 8. Nc3 d6 9. O-O Bxf5 10. Bxb7 Rb8
11. Ba6 Nxe4 12. Ne2 Bf6 13. Nd4 Bd7 14. f3 Nc5 15. Bd3
g6 16. a3 Bg7 17. f4 Nexd3 18. cxd3 Bxd4+ 19. Kh1 Bxb2
20. Bxb2 Rxb2 21. d4 Ne6 22. Qc1 Qb8 23. h3 Qb7 0-1

[Event "Torneo sociale 2005"]
[Site "Circolo Scacchistico Pievigino"]
[Date "2005.03.15"]
[Round "7"]
[White "Bortolini,S"]
[Black "Beghetto,E"]
[Result "1-0"]
[WhiteElo "1500"]
[BlackElo "1500"]

1. d4 Nc6 2. c4 Nf6 3. Nc3 e6 4. Nf3 d6 5. e3 h5 6. Bd3 e5
7. O-O d5 8. dxe5 Nd7 9. Nxd5 Nb4 10. a3 Nxd5 11. cxd5 h4
12. h3 a5 13. e6 Ne5 14. Nxe5 fxe6 15. Bb5+ Ke7 16. Ng6+
Kf7 17. Nxh8+ Kg8 18. Qh5 c6 19. dxc6 b6 20. Rd1 Qc7
21. Ng6 Be7 22. Nxe7+ Qxe7 23. Qf3 e5 24. c7 e4 25. Rd8+
Kh7 26. Qh5# 1-0

[Event "Torneo sociale 2005"]
[Site "Circolo Scacchistico Pievigino"]
[Date "2005.03.15"]
[Round "7"]
[White "Corsi,A"]
[Black "Di Gennaro,S"]
[Result "1-0"]
[WhiteElo "1500"]
[BlackElo "1500"]

1. d4 Nf6 2. Nc3 g6 3. e4 d6 4. d5 Bg7 5. Nf3 O-O 6. Bf4 c6
7. Bc4 Re8 8. O-O Nbd7 9. dxc6 bxc6 10. Ng5 Rf8 11. b4
Nb6 12. Bb3 Nh5 13. Bd2 Bb7 14. Qf3 d5 15. exd5 cxd5
16. Rad1 e6 17. a4 Rc8 18. Be3 Rxc3 19. a5 Nd7 20. Qe2
Bh6 21. Rd3 Ba6 22. Qd2 Bxd3 23. Qxc3 Bf5 24. f4 Ndf6
25. Bd4 Bxg5 26. fxg5 Ne4 27. Qb2 Qxg5 28. Qc1 Nf4
29. Qxf4 Qe7 30. Qh6 f6 31. b5 e5 32. Bb2 Be6 33. Ra1
Qc5+ 34. Kh1 Qxb5 35. Ba3 Rf7 36. h3 Qxa5 37. Bb2 Qb6
38. Bc1 Nc5 39. Ba2 a5 40. Rb1 Qa6 41. Rb8+ Bc8 42. Bxd5
Ne6 43. Be3 Rc7 44. Rb6 Qf1+ 45. Kh2 Qf5 46. Rb8 Rxc2
47. Rb3 Rc7 48. Bb6 Rb7 49. Rc3 Rxb6 50. Rxc8+ Kf7
51. Qxh7# 1-0

[Event "Torneo sociale 2005"]
[Site "Circolo Scacchistico Pievigino"]
[Date "2005.03.22"]
[Round "8"]
[White "Donadel,S"]
[Black "Giacomelli,G"]
[Result "0-1"]
[WhiteElo "1700"]
[BlackElo "1900"]

1. d4 Nf6 2. c4 e6 3. Nc3 Bb4 4. Nf3 b6 5. e3 Bb7 6. a3
Bxc3+ 7. bxc3 O-O 8. Be2 c5 9. Bd2 Nc6 10. O-O Na5
11. Bd3 Ne4 12. Qe2 f5 13. Rfb1 Rf6 14. Ne1 Ba6 15. Rb2
Nxd2 16. Rxd2 Nb3 17. Rb1 Nxd2 18. Qxd2 d5 19. cxd5 Bxd3
20. Qxd3 Qxd5 21. Qa6 e5 22. c4 Qe4 23. Qb5 exd4 24. exd4
cxd4 25. c5 bxc5 26. Nd3 Rb6 27. Qc4+ Qe6 28. Qxe6+ Rxe6
29. Nxc5 Rc6 30. Nd7 Rac8 31. Kf1 d3 32. Ke1 d2+ 0-1

[Event "Torneo sociale 2005"]
[Site "Circolo Scacchistico Pievigino"]
[Date "2005.03.22"]
[Round "8"]
[White "Fontana,E"]
[Black "Bortolotto,D"]
[Result "1-0"]
[WhiteElo "2097"]
[BlackElo "1500"]

1. e4 c6 2. d4 d5 3. e5 Bf5 4. g4 Bg6 5. h4 h5 6. e6 Qd6
7. exf7+ Bxf7 8. g5 Nd7 9. Bh3 e5 10. Nf3 Be6 11. Bxe6
Qxe6 12. Be3 Qg4 13. dxe5 O-O-O 14. Nbd2 Qb4 15. Qc1
Re8 16. c3 Qa5 17. Nb3 Qc7 18. Qc2 Ne7 19. e6 Ne5
20. Nxe5 Qxe5 21. O-O-O Kb8 22. Rhe1 Qf5 23. Qd2 Nc8
24. Nd4 Qg6 25. f4 Nd6 26. Rf1 Ne4 27. Qc2 Rd8 28. f5 Qe8
29. Bf4+ Bd6 30. Qh2 Bxf4+ 31. Qxf4+ Ka8 32. Nf3 Rf8
33. Qe5 Qe7 34. Nd2 Nc5 35. Kc2 Rde8 36. b4 Nd7 37. Qc7
Nb6 38. Qxe7 Rxe7 39. f6 Ree8 40. fxg7 Rg8 41. Rf7 Nc8
42. e7 Nd6 43. Rf6 Nc8 44. Rf8 1-0

[Event "Torneo sociale 2005"]
[Site "Circolo Scacchistico Pievigino"]
[Date "2005.03.22"]
[Round "8"]
[White "Spolaore,L"]
[Black "Pavan,R"]
[Result "1-0"]
[WhiteElo "1545"]
[BlackElo "1500"]

1. c4 g6 2. d4 Nf6 3. Nf3 d5 4. e3 Bf5 5. Nc3 e6 6. Ne5 Qe7
7. cxd5 exd5 8. Qa4+ c6 9. a3 Bg7 10. b4 b5 11. Qb3 O-O
12. Nd3 Ne4 13. Nxe4 Bxe4 14. Nc5 f5 15. f3 Bxf3 16. gxf3
Qh4+ 17. Ke2 Re8 18. Kd3 Qf2 19. Ra2 Qe1 20. Bg2 Qh4
21. Bd2 f4 22. e4 Qf2 23. Bc3 Qe3+ 24. Kc2 Qf2+ 25. Kb1
Qe3 26. Re1 Qxe1+ 27. Bxe1 Bxd4 28. Nd3 Nd7 29. Bf2 Be3
30. exd5 Nb6 31. dxc6+ Kh8 32. Qc3+ 1-0

[Event "Torneo sociale 2005"]
[Site "Circolo Scacchistico Pievigino"]
[Date "2005.03.22"]
[Round "8"]
[White "Luca,D"]
[Black "Gencarelli,M"]
[Result "1-0"]
[WhiteElo "1598"]
[BlackElo "1500"]

1. e4 c5 2. Nf3 e6 3. g3 Nc6 4. Bg2 Nge7 5. d4 Nxd4
6. Nxd4 cxd4 7. Qxd4 Nc6 8. Qd3 Be7 9. O-O O-O 10. Bd2
a6 11. a3 b5 12. Nc3 Ne5 13. Qe2 Nc4 14. Nd1 Nxd2
15. Qxd2 Bb7 16. Ne3 Rc8 17. Rad1 Rc7 18. Rfe1 Qc8
19. c3 Rd8 20. Ng4 d5 21. e5 d4 22. Bxb7 Qxb7 23. cxd4
Rcd7 24. Qd3 Rxd4 25. Qe2 Qd5 26. Rxd4 Qxd4 27. h3 h5
28. Nh2 Bc5 29. Nf3 Qd5 30. Ng5 g6 31. h4 Qd2 32. Ne4
Qxe2 33. Rxe2 b4 34. Nxc5 1-0

[Event "Torneo sociale 2005"]
[Site "Circolo Scacchistico Pievigino"]
[Date "2005.03.22"]
[Round "8"]
[White "Saccol,A"]
[Black "Vomiero,L"]
[Result "0-1"]
[WhiteElo "1500"]
[BlackElo "1500"]

1. d4 d5 2. c4 Nf6 3. Nc3 e6 4. e3 Nc6 5. a3 Be7 6. Bd3
Bd7 7. Nf3 h6 8. b4 dxc4 9. Bxc4 a6 10. O-O b5 11. Bb3 Bd6
12. Qd3 Ne7 13. e4 c5 14. bxc5 Bc7 15. d5 exd5 16. exd5
Bf5 17. Qd4 Ba5 18. d6 Nc6 19. Re1+ Be6 20. Qd3 O-O
21. Ba2 Bxa2 22. Rxa2 b4 23. Nd5 b3 24. Qxb3 Bxe1
25. Nxe1 Rb8 26. Qd3 Ne5 27. Qf5 Nxd5 28. Kf1 Re8
29. Re2 Qf6 30. Qxf6 Nxf6 31. Bf4 Nc4 32. c6 Rxe2 33. c7
Rbe8 34. Nf3 R2e6 35. g4 Nxd6 36. Nd4 Re1+ 37. Kg2 Nc8
38. Nf3 R1e7 39. g5 Nd5 40. Bg3 hxg5 41. Nxg5 Nxc7 42. h4
Nb6 43. Bd6 Rd7 44. Bc5 Na4 45. Bb4 Rd3 46. Nh3 Re4
0-1

[Event "Torneo sociale 2005"]
[Site "Circolo Scacchistico Pievigino"]
[Date "2005.03.22"]
[Round "8"]
[White "Broli,C"]
[Black "Bortolini,S"]
[Result "1-0"]
[WhiteElo "1500"]
[BlackElo "1500"]

1. c4 c5 2. Nc3 Nc6 3. g3 Nf6 4. Bg2 e6 5. e4 Be7 6. Nge2
a6 7. O-O O-O 8. d4 h6 9. d5 Ne5 10. d6 Bxd6 11. Qxd6 Nc6
12. e5 Ne8 13. Qxc5 Qe7 14. Be3 d6 15. exd6 Nxd6 16. Bxc6
bxc6 17. Rad1 Rd8 18. Bf4 Nf5 19. Qxe7 Nxe7 20. Rxd8+
Kh7 21. Rfd1 Ng6 22. Re8 Bb7 23. Rxa8 Bxa8 24. Rd8 Bb7
25. Rb8 e5 26. Be3 f5 27. Bc5 f4 28. Ne4 fxg3 29. N2xg3 Nf4
30. Rxb7 Nh3+ 31. Kf1 Nf4 32. Bf8 Ne6 33. Bxg7 Nxg7
34. Nf5 Kg6 35. Nxg7 c5 36. Nh5 Kxh5 37. Rg7 a5 38. Nf6+
Kh4 39. Kg2 h5 40. Nd5 a4 41. Ne3 e4 42. Nf5# 1-0

[Event "Torneo sociale 2005"]
[Site "Circolo Scacchistico Pievigino"]
[Date "2005.03.22"]
[Round "8"]
[White "Bubola,A"]
[Black "Premaor,S"]
[Result "1-0"]
[WhiteElo "1500"]
[BlackElo "1500"]

1. d4 d5 2. c4 Bf5 3. Bf4 e6 4. Nf3 h6 5. e3 dxc4 6. Qa4+
Nc6 7. Bxc4 Bd6 8. Ne5 Ne7 9. Nc3 O-O 10. Rd1 a6 11. Bd3
Bxd3 12. Rxd3 b5 13. Qd1 Nb4 14. Rd2 Nf5 15. a3 Nd5
16. Nxd5 exd5 17. O-O Qc8 18. Re1 c6 19. Qf3 Qc7 20. e4
Nh4 21. Qg3 Ng6 22. Nxg6 fxg6 23. Bxd6 Qf7 24. Bxf8 Rxf8
25. e5 g5 26. Re3 Qg6 27. f3 g4 28. Qxg4 Qb1+ 29. Kf2 Qc1
30. Qe6+ Kh8 31. Ke2 Qb1 32. Qxc6 Rf5 33. Qc8+ Kh7
34. Qxa6 Rg5 35. g4 Qg1 36. Kd3 Qc1 37. Rc2 Qd1+
38. Kc3 Qf1 39. Rd3 Qe1+ 40. Kb3 Qf1 41. Qxb5 Rg6
42. Rc5 Qg1 43. Rxd5 Qxh2 44. Rd6 Rxd6 45. exd6 Qxd6
46. Qc5 1-0

[Event "Torneo sociale 2005"]
[Site "Circolo Scacchistico Pievigino"]
[Date "2005.03.22"]
[Round "8"]
[White "Stella,I"]
[Black "Corsi,A"]
[Result "1/2-1/2"]
[WhiteElo "1500"]
[BlackElo "1500"]

1. e4 e5 2. Nf3 Nc6 3. Bc4 d6 4. O-O Nf6 5. Ng5 d5 6. exd5
Nxd5 7. Nxf7 Kxf7 8. Qf3+ Ke8 9. Bxd5 Ne7 10. Bf7+ Kd7
11. d4 Nc6 12. dxe5 Nxe5 13. Qd5+ Bd6 14. Bf4 c6 15. Qb3
Rf8 16. Be6+ Kc7 17. Bxc8 Rxc8 18. Be3 b6 19. Nc3 Kb8
20. Rad1 Rf6 21. Ne4 Rg6 22. a4 Rc7 23. a5 Rb7 24. axb6
Ka8 25. Qa4 Nd7 26. Rxd6 Rxd6 27. Nxd6 Rxb6 28. Nc4 Kb7
29. Ra1 a6 30. Nxb6 1/2-1/2

[Event "Torneo sociale 2005"]
[Site "Circolo Scacchistico Pievigino"]
[Date "2005.03.22"]
[Round "8"]
[White "Di Gennaro,S"]
[Black "Feltre,S"]
[Result "1-0"]
[WhiteElo "1500"]
[BlackElo "1500"]

1. e4 e5 2. Nf3 Nc6 3. Bc4 Bc5 4. Nc3 Nf6 5. d3 a6 6. Bg5
b5 7. Bd5 O-O 8. Nxe5 h6 9. Bxc6 dxc6 10. Bf4 Qd4 11. O-O
Qd6 12. Qd2 Be6 13. Nxf7 Qe7 14. Ne5 Nh5 15. Nxc6 Qf6
16. Be5 Bxf2+ 17. Rxf2 Qxf2+ 18. Qxf2 Rxf2 19. Kxf2 Rf8+
20. Kg1 Re8 21. Bxc7 Bd7 22. Nb4 a5 23. Nbd5 1-0